Konštruktívne slovensko-poľské rozhovory

Bibliographic Details
Main Author: Schenk, Juraj, 1948- (Author)
Format: Article
Language:Slovak
Subjects:

MARC

LEADER 00000nab a2200000 a 4500
001 vtls000562155
003 SK-MaSNL
005 20260426100703.0
008 160202c1995 xo 0 slo
015 |a SNBRB19rr/mm-uuuuu 
035 |a CL0562293 
040 |a SNKBUCL  |b slo  |c SNKBUCL  |e AACR2 
041 0 |a slo 
044 |a xo  |c SK 
080 |a 327(437.6:438)  |2 1981 
080 |a 327(438:437.6)  |2 1981 
245 0 0 |a Konštruktívne slovensko-poľské rozhovory 
650 0 7 |a zahraničná politika  |2 snkbucl  |9 971 
651 7 |a Slovensko  |2 snkbucl  |9 14231 
651 7 |a Poľsko  |2 snkbucl  |9 16755 
655 7 |a články z novín a časopisov  |2 snkbucl  |9 267496 
700 1 |a Schenk, Juraj,  |d 1948-  |4 aut  |9 160531 
773 0 |t Slovenská republika  |g Roč. 2, č. 248 (26. 10. 1995), s. 7 
850 |a Slovenská národná knižnica v Martine  |a MTA001 
852 |a SNK  |b KIS3GCP 
958 |a RK 
958 |a PL 
958 |a SK 
992 |a RBX 
999 |c 3204439  |d 3206369